000 00514nam a22001817a 4500
999 _c6331
_d6331
003 GBCCL
005 20241126110601.0
008 180509b ||||| |||| 00| 0 eng d
040 _cgbc
082 _a813.54
_bURI
100 _aUris, Leon
_d1924 - 2003
_911344
245 _aExodus /
_cLeon Uris
260 _aNew York:
_bDoubleday & Company,
_c1958
300 _a626 p.;
_bmap,
_c22 cm.
650 _aExodus 1947 (Ship)
_xFiction
_911345
650 _aJews
_vHistory
_y20th Century
_xFiction
_911346
942 _2ddc
_cBK
_01